• 首页
  • 本馆介绍
  • 公告通知
  • 最新文献
  • 馆藏检索
  • 电子资源
  • 读者导购
  • 参考咨询
  • 我的图书馆
  • 登录
  • 详细信息显示
  • 放入我的书架
  • 预约/预借图书
  • 作者相关作品
  • 分类相关作品
  • 丛书相关作品
  • 出版社相关作品

书目信息

  • 表格格式
  • 工作单格式
  • 卡片格式
题名:
中古语文初学集
    
 
作者: 真大成 著
分册:  
出版信息: 上海   中西书局  2022
页数: 448页
开本: 21cm
丛书名:
单 册:
中图分类: H109.2- , H109.2
科图分类:
主题词: 古汉语--文集
电子资源:
ISBN: 978-7-5475-1997-4
000 00768nam0 2200229 450
001 2428156846
005 20240829074938.56
010    @a978-7-5475-1997-4@dCNY72.00
100    @a20221228d2022 em y0chiy0120 ea
101 0  @achi
102    @aCN@b310000
105    @ay z 000yy
200 1  @a中古语文初学集@9zhong gu yu wen chu xue ji@b专著@f真大成著
210    @a上海@c中西书局@d2022
215    @a448页@d21cm
330    @a本书分七部分,内容包括:中古汉语语料研究、汉语常用词演变研究、中古地域性词研究、中古词语辨释研究、中古文献异文研究、中古文献校读研究、中古语文辞书研究。
606 0  @a古汉语@j文集
690    @aH109.2-@v5
690    @aH109.2@v4
701  0 @a真大成@9zhen da cheng@f(1979~)@4著
801  2 @aCN@b58marc.cn@c20231024
905    @aZUCC@dH109.2@e15
    
    中古语文初学集/真大成著.-上海:中西书局,2022
    448页;21cm
    
    
    ISBN 978-7-5475-1997-4:CNY72.00
    本书分七部分,内容包括:中古汉语语料研究、汉语常用词演变研究、中古地域性词研究、中古词语辨释研究、中古文献异文研究、中古文献校读研究、中古语文辞书研究。
●
相关链接 在五车中查询图书 在当当中查询图书 在豆瓣中查询图书


正题名:中古语文初学集     索取号:H109.2/15         预约/预借

序号 登录号 条形码 馆藏地/架位号 状态 备注
1 2001766627   2001766627   第四书库/四26架A面6层2列/ [索取号:H109.2/15] 在馆    
2 2001766628   2001766628   第四书库/四26架A面6层2列/ [索取号:H109.2/15] 在馆    
3 2001766629   2001766629   第四书库/四26架A面6层2列/ [索取号:H109.2/15] 在馆    
4 2001766630   2001766630   第四书库/四26架A面6层2列/ [索取号:H109.2/15] 在馆    
5 2001766631   2001766631   第四书库/四26架A面6层2列/ [索取号:H109.2/15] 在馆    
6 2001766632   2001766632   第四书库/四26架A面6层2列/ [索取号:H109.2/15] 在馆    
山东省滨州职业学院图书馆 欢迎您!
大连网信软件有限公司© 版权所有